| 000 | 01203nam0a2200325 i 4500 | ||
|---|---|---|---|
| 001 | RU\NLR\BIBL_A\011178037 | ||
| 005 | 20240727032610.0 | ||
| 010 |
_a9785446908615 _9200 |
||
| 021 |
_aRU _b2016-52359 _93342 |
||
| 035 | _a(NILC)RuMoRGB-008536145 | ||
| 035 | _a(NLR Aleph) 011178037 | ||
| 090 |
_a11803327 _c11803327 |
||
| 100 | _a20160719d2016 u y0rusy50 ca | ||
| 101 | 0 | _arus | |
| 102 | _aRU | ||
| 105 | _ay|||z|||000gy | ||
| 200 | 1 |
_aПравду выскажу до дна _eоткровения старой гвардии бойца Василия Тёркина _fНиколай Махнёв |
|
| 210 |
_aСанкт-Петербург _c[б. и.] _d2016 |
||
| 215 |
_a75, [2] с. _d11 |
||
| 300 | _aНа 4-й с. обл. авт.: Н.В. Махнёв, лауреат лит. премий им. маршала Л.А. Говорова и "Патриот Отечества" | ||
| 675 | _a821.161.1 | ||
| 686 | 2 | _aШ6(2=Р)8-51 | |
| 686 | 2 | _aШ6(2=Р)73-51 | |
| 700 | 1 |
_aМахнёв _bН. В. _gНиколай Васильевич |
|
| 942 | _cBOOK | ||
| 980 | _aNBR | ||